|
|
|
|
| LEADER |
00691nam a2200253 a 4500 |
| 001 |
adlib96000001 |
| 003 |
ViArRB |
| 005 |
20151026131952.0 |
| 008 |
960221s1955 dcuabcdjdbkoqu001 0deng d |
| 020 |
|
|
|
| 022 |
|
|
|
| 040 |
|
|
|a Adlib
|
| 082 |
|
|
|a 37.34(548.3)
|
| 245 |
|
|
|a Kerala education act and rules with +2 rules and notifications
|
| 250 |
|
|
|a 3rd ed.
|
| 260 |
|
|
|a Ernakulam
|b Swamy Law
|c 2003
|
| 300 |
|
|
|a Lii, 841p.
|
| 500 |
|
|
|a
|
| 100 |
|
|
|a Mohanan, P. N.
|
| 700 |
|
|
|
| 942 |
|
|
|c REF
|6 _
|
| 653 |
|
|
|a Kerala education act
|a KER
|
| 999 |
|
|
|c 39202
|d 39202
|
| 952 |
|
|
|0 0
|1 0
|4 0
|6 37345483_MOH
|7 0
|9 51051
|a UL
|b UL
|d 2010-06-16
|o 37.34(548.3) MOH
|p 00050004
|r 2010-06-16
|w 2010-06-16
|y REF
|